000 00613nam a2200241Ia 4500
003 OSt
005 20221005132826.0
006 a|||||r|||| 00| 0
007 ta
008 221004b |||||||| |||| 00| 0 mal d
024 _a62423
037 _cTextual
040 _aCRL
_cCRL
_bmal
041 _2mal
_amal
082 _aO32,1NVVK,1, J4
100 _aV. V. K. Au.
_9641719
245 0 _aVallaki
260 _c1954
650 _a MALAYALAM POETRY
_9185636
650 _aMALAYALAM LITERATURE
_938866
942 _hO32,1NVVK,1, J4
_cTEXL
_2cc
999 _c1064942
_d1064942